Diecézní střediska mládeže, jejich vliv a přínos pro mládež; zaměřeno na brněnskou diecézi : diplomová práce Zdeňka Šátková ; Vedoucí práce: Ing. Mgr. Jan Dočkal, CSc.
Record details
- Physical Description: 45 s. příl.
- Publisher: Praha JABOK - Vyšší sociálně pedagogická a teologická škola 1996
Content descriptions
| Bibliography, etc. Note: | bibliogr. |
Available copies
- 1 of 1 copy available at Common Catalog SPOK.
Holds
- 0 current holds with 1 total copy.
Show Only Available Copies
| Location | Call Number / Copy Notes | Barcode | Shelving Location | Status | Due Date |
|---|---|---|---|---|---|
| Jabok Library | ABP-0017 | 424480002005 | Absolventské práce | Reference | - |
| LDR | 00873ntm a22 a 4500 | ||
|---|---|---|---|
| 001 | 2139 | ||
| 003 | CZ-PrJAB | ||
| 005 | 20020429000000.0 | ||
| 008 | 980210s1996 xr e |||| |cze | ||
| 009 | cz | ||
| 035 | . | ‡a(CONS)2139 | |
| 035 | . | ‡aKPS0004222 | |
| 040 | . | ‡a | |
| 041 | 0 | . | ‡acze |
| 100 | 1 | 1. | ‡72465 ‡aŠátková, Zdeňka |
| 110 | 2. | ‡aJABOK - Vyšší sociálně pedagogická a teologická škola ‡bPraha | |
| 245 | 1 | . | ‡aDiecézní střediska mládeže, jejich vliv a přínos pro mládež; zaměřeno na brněnskou diecézi : ‡bdiplomová práce ‡cZdeňka Šátková ; Vedoucí práce: Ing. Mgr. Jan Dočkal, CSc. |
| 260 | . | ‡aPraha ‡bJABOK - Vyšší sociálně pedagogická a teologická škola ‡bPraha ‡c1996 | |
| 300 | . | ‡a45 s. ‡bpříl. | |
| 504 | . | ‡abibliogr. | |
| 653 | . | ‡astřediska mládeže ‡apůsobení ‡amládež ‡adiecéze ‡abrněnská diecéze ‡apráce s mládeží | |
| 700 | 1 | 1. | ‡72225 ‡aDočkal, Jan |
| 964 | . | ‡aDiecézní střediska mládeže | |
| 999 | . | ‡a17-d ‡c17-d ‡i424480002005 ‡l ‡tP | |
| 910 | . | ‡aABG312 | |
| 901 | . | ‡a2139 ‡bUnknown ‡c2139 ‡tbiblio | |